| 000 | 00623nam a2200193Ia 4500 | ||
|---|---|---|---|
| 008 | 191130s2008##################000#0#eng## | ||
| 020 | _a9780521085595 | ||
| 040 |
_aACL _cACL |
||
| 082 | _a347.4201 HOW | ||
| 100 | _aHowell, P A | ||
| 245 |
_aThe judicial committee of the Privy Council, 1833-1876, its origins, structure, and development _cP.A. Howell |
||
| 260 |
_aCambridge _bCambridge University Press _c2008 |
||
| 300 | _axiv, 262 p | ||
| 500 | _aIncludes index | ||
| 650 | _aGreat Britain. Privy Council. Judicial Committee | ||
| 990 | _a5eb0d1b2ac10000c2652363cb0b89411 | ||
| 991 | _a304578 | ||
| 999 |
_c55085 _d55085 |
||